<?xml version="1.0" encoding="UTF-8"?><?xml-stylesheet type="text/xsl" href="static/style.xsl"?><OAI-PMH xmlns="http://www.openarchives.org/OAI/2.0/" xmlns:xsi="http://www.w3.org/2001/XMLSchema-instance" xsi:schemaLocation="http://www.openarchives.org/OAI/2.0/ http://www.openarchives.org/OAI/2.0/OAI-PMH.xsd"><responseDate>2026-04-13T02:19:50Z</responseDate><request verb="GetRecord" identifier="oai:www.recercat.cat:2072/424307" metadataPrefix="marc">https://recercat.cat/oai/request</request><GetRecord><record><header><identifier>oai:recercat.cat:2072/424307</identifier><datestamp>2024-10-29T15:37:46Z</datestamp><setSpec>com_2072_98</setSpec><setSpec>col_2072_378197</setSpec></header><metadata><record xmlns="http://www.loc.gov/MARC21/slim" xmlns:dcterms="http://purl.org/dc/terms/" xmlns:xsi="http://www.w3.org/2001/XMLSchema-instance" xmlns:doc="http://www.lyncode.com/xoai" xsi:schemaLocation="http://www.loc.gov/MARC21/slim http://www.loc.gov/standards/marcxml/schema/MARC21slim.xsd">
   <leader>00925njm 22002777a 4500</leader>
   <datafield ind2=" " ind1=" " tag="042">
      <subfield code="a">dc</subfield>
   </datafield>
   <datafield ind2=" " ind1=" " tag="720">
      <subfield code="a">Casals, Xavier</subfield>
      <subfield code="e">author</subfield>
   </datafield>
   <datafield ind2=" " ind1=" " tag="720">
      <subfield code="a">Institut de Ciències Polítiques i Socials. Barcelona, Catalunya</subfield>
      <subfield code="e">author</subfield>
   </datafield>
   <datafield ind2=" " ind1=" " tag="260">
      <subfield code="c">2015</subfield>
   </datafield>
   <datafield ind2=" " ind1=" " tag="520">
      <subfield code="a">Desde los años noventa el electorado obrero se ha convertido en un núcleo duro de la clientela de los partidos de ultraderecha de Europa occidental, hasta el extremo de que en la primera vuelta de las elecciones presidenciales francesas de 2012 Marine Le Pen, líder del Frente Nacional (FN), obtuvo un 30,9% de sufragio obrero. Pero no hay un único factor que explique esta adhesión obrera creciente a la extrema derecha. Comprenderlo requiere un análisis multifactorial que transcienda el rechazo a la inmigración o el impacto de la crisis económica y sus efectos, y que incluya dinámicas como las que expone el presente estudio, basado en gran medida en la evolución del FN.</subfield>
   </datafield>
   <datafield tag="653" ind2=" " ind1=" ">
      <subfield code="a">Extrema dreta Europa</subfield>
   </datafield>
   <datafield tag="653" ind2=" " ind1=" ">
      <subfield code="a">Partits polítics Europa</subfield>
   </datafield>
   <datafield ind2="0" ind1="0" tag="245">
      <subfield code="a">¿Por qué los obreros apoyan a la ultraderecha? diez reflexiones para elaborar una respuesta</subfield>
   </datafield>
</record></metadata></record></GetRecord></OAI-PMH>